000 00353nam a2200145Ia 4500
008 191201s2004 xx 000 0 und d
082 _a621.381518
_bJOI
100 _aJONES, Barry E
245 0 _aInstrumentation Measurement and Feedback
250 _a23th
260 _aN.Delhi
_bTMH
_c2004
300 _a283
650 _aB.Tech(ME)
942 _2ddc
_cBK
999 _c1105
_d1105